| 000 | 01488nam2a2200301 4500 | ||
|---|---|---|---|
| 001 | RU\NLR\BIBL_A\010471992 | ||
| 005 | 20250614055520.0 | ||
| 010 |
_a978-5-4439-0154-1 _bт. 3 _91000 |
||
| 021 |
_aRU _b2014-55417 _93345 |
||
| 035 | _a(NLR Aleph) 010471992 | ||
| 090 |
_a10024428 _c10024428 |
||
| 100 | _a20141002d2014 |||y0rusy50 ca | ||
| 101 | 1 |
_arus _ceng |
|
| 102 | _aRU | ||
| 105 | _aa|||z|||001yy | ||
| 200 | 1 |
_aТеория информации и кодирования _f[пер. с англ. С. Кулешова] |
|
| 210 |
_d2014 _aБ. м. |
||
| 215 |
_a567 с. _cил. |
||
| 320 | _aБиблиогр.: с. 553-561 | ||
| 320 | _aПредм. указ.: с. 564-567 | ||
| 461 | 0 |
_1001RU\NLR\bibl\1142913 _12000#$aВероятность и статистика в примерах и задачах$fМ.Я. Кельберт, Ю.М. Сухов$g[пер. с англ. В. Кноповой и др.]$vТ. 3 _1700#1$aКельберт$bМ. Я.$gМарк Яковлевич$4070 _91350457 _aКельберт, М. Я. _cМосква _d2007 _fМ.Я. Кельберт, Ю.М. Сухов _nИзд-во МЦНМО _tВероятность и статистика в примерах и задачах _y978-5-94057-252-7 _vТ. 3 |
|
| 606 | 1 |
_aИнформации теория _92143003 _3RU\NLR\AUTH\661291418 |
|
| 606 | 1 |
_aКодирование _9899325 _3RU\NLR\AUTH\666528 |
|
| 686 | 1 | _aЗ811 | |
| 942 | _cBOOK | ||
| 980 | _aNB | ||